00533nam a2200157Ia 4500008004100000020001500041082001600056100003800072245009800110250000800208260004200216300002700258500001900285600002100304650005000325240925s9999 xx 000 0 und d a8177584812 a004.165 TRI aSingh , Avtar; Triebel ,Walter A. 4aThe 8088 and 8086 Microprocessors: programming,interfacing,software,hardware and applications a4th aNew Delhi:bPearson Educationc,2007. axx,843p.bNAfOriginal aIncludes Index aComputer Science aComputer science, information & general works